Statistics for 東京地下鉄駅クイズ

Click here to take the quiz!

General Stats

  • This quiz has been taken 654 times
  • The average score is 191 of 291

Answers on the Map

Answers color-coded by a green-red scale on the quiz's map according to % correct below.
 

Answer Stats

Answer% Correct
新宿
93%
渋谷
92%
浅草
90%
銀座
90%
代々木
88%
池袋
88%
大手町
88%
上野
88%
中野
87%
東京
85%
表参道
85%
北千住
84%
押上
84%
新宿三丁目
84%
日本橋
83%
日比谷
82%
目黒
81%
飯田橋
81%
明治神宮前
81%
和光市
80%
六本木
80%
新木場
80%
代々木上原
80%
赤坂
80%
虎ノ門
79%
中目黒
79%
青山一丁目
79%
綾瀬
78%
九段下
78%
秋葉原
78%
三田
78%
豊洲
78%
新橋
78%
有楽町
78%
西船橋
76%
南千住
76%
半蔵門
76%
永田町
76%
荻窪
76%
恵比寿
76%
国会議事堂前
76%
北綾瀬
76%
市ヶ谷
75%
白金高輪
75%
中野坂上
75%
赤坂見附
75%
神田
75%
高田馬場
74%
外苑前
73%
代々木公園
73%
地下鉄成増
73%
築地
73%
四ツ谷
73%
三越前
73%
新御茶ノ水
72%
早稲田
71%
神保町
71%
西新宿
71%
虎ノ門ヒルズ
71%
高島平
71%
地下鉄赤塚
70%
都庁前
70%
方南町
70%
西高島平
70%
御茶ノ水
70%
赤羽岩淵
70%
錦糸町
70%
小竹向原
70%
葛西
69%
白金台
69%
清澄白河
69%
後楽園
69%
東銀座
69%
落合
68%
西日暮里
68%
本八幡
68%
溜池山王
68%
霞が関
68%
光が丘
67%
西葛西
67%
東池袋
66%
西馬込
66%
月島
66%
浦安
66%
五反田
66%
駒込
66%
東新宿
66%
上野広小路
65%
大門
65%
西早稲田
65%
人形町
65%
北参道
65%
広尾
65%
巣鴨
65%
乃木坂
65%
二重橋前
64%
王子
64%
住吉
64%
水天宮前
64%
水道橋
64%
桜田門
64%
木場
64%
東陽町
64%
馬込
63%
泉岳寺
63%
神楽坂
63%
門前仲町
62%
東大前
62%
春日
62%
湯島
62%
本郷三丁目
62%
浅草橋
62%
茗荷谷
61%
根津
61%
千川
61%
千駄木
61%
銀座一丁目
61%
練馬
61%
要町
61%
南砂町
60%
雑司が谷
60%
茅場町
60%
四谷三丁目
59%
辰巳
59%
中野富士見町
59%
田原町
59%
新高島平
59%
淡路町
58%
竹橋
58%
町屋
58%
妙典
58%
麻布十番
58%
六本木一丁目
58%
氷川台
58%
行徳
57%
仲御徒町
57%
大島
57%
三ノ輪
57%
原木中山
57%
新宿西口
56%
新宿御苑前
56%
護国寺
56%
平和台
56%
稲荷町
56%
神谷町
55%
南行徳
55%
板橋区役所前
54%
馬喰横山
54%
国立競技場
54%
高輪台
54%
小川町
54%
入谷
54%
新大塚
54%
南阿佐ヶ谷
53%
新高円寺
53%
東日本橋
53%
八丁堀
53%
岩本町
53%
京橋
52%
東大島
52%
曙橋
52%
王子神谷
52%
勝どき
52%
両国
52%
上野御徒町
51%
麹町
51%
芝公園
51%
西大島
50%
本所吾妻橋
50%
森下
50%
末広町
50%
御成門
50%
本駒込
50%
牛込神楽坂
50%
新中野
49%
中延
49%
汐留
49%
赤羽橋
48%
築地市場
48%
江戸川橋
48%
小伝馬町
48%
新富町
48%
志村三丁目
48%
蔵前
48%
白山
47%
中野新橋
47%
新御徒町
47%
東中野
46%
豊島園
46%
志茂
46%
志村坂上
45%
落合南長崎
45%
新板橋
45%
一之江
44%
西巣鴨
44%
牛込柳町
44%
東高円寺
44%
西ヶ原
44%
宝町
43%
西新宿五丁目
43%
内幸町
43%
板橋本町
42%
瑞江
42%
篠崎
42%
船堀
40%
千石
40%
蓮根
38%
浜町
38%
若松河田
38%
練馬春日町
38%
本蓮沼
34%
新江古田
34%
菊川
33%
西台駅
24%
中井駅
22%
戸越駅
20%

Score Distribution

Percentile by Number Answered

Percent of People with Each Score

Your Score History

You have not taken this quiz